• 首页
  • 本馆介绍
  • 公告通知
  • 最新文献
  • 馆藏检索
  • 电子资源
  • 读者导购
  • 参考咨询
  • 我的图书馆
  • 登录
  • 详细信息显示
  • 放入我的书架
  • 预约/预借图书
  • 作者相关作品
  • 分类相关作品
  • 丛书相关作品
  • 出版社相关作品

书目信息

  • 表格格式
  • 工作单格式
  • 卡片格式
题名:
唐宋律诗选讲
    
 
作者: 赵峨 , 倪林 选编
分册:  
出版信息: 北京   中国少年儿童出版社  1982
页数: 244页
开本: 19cm
丛书名: 少年百科丛书
单 册:
中图分类: I207.22 , I222.742
科图分类:
主题词: 律诗--中国--唐代--选集 , 律诗--中国--两宋时代--选集
电子资源:
ISBN:
000 00814nam2 2200289 45
001 0182004714
005 20060820145608.46
010    @dCNY0.53
091    @aR10056.510
100    @a19950123d1982 am y0chiy0121 ea
101 0  @achi
102    @aCN@b110000
105    @af z 000gy
200 10 @a唐宋律诗选讲@Atang song lv shi xuan jiang@f赵峨, 倪林选编
210    @a北京@c中国少年儿童出版社@d1982
215    @a244页@c插图@d19cm
225 2  @a少年百科丛书
410  0 @120010@a少年百科丛书
606    @a律诗@y中国@z唐代@x选集
606    @a律诗@y中国@z两宋时代@x选集
690    @aI207.22@v3
690    @aI222.742@v3
701  0 @a赵峨@Azhao e@4选编
701  0 @a倪林@Ani lin@4选编
801  2 @aCN@bNLC@c20060820
801  0 @aCN@b上海图书馆@c20040330
905    @dI207.22@e69@f4@f1@b61839@b85076-079
    
    唐宋律诗选讲/赵峨, 倪林选编.-北京:中国少年儿童出版社,1982
    244页:插图;19cm.-(少年百科丛书)
    
    
    ISBN :CNY0.53
    
●
相关链接 在E读中查询图书 在五车中查询图书 在当当中查询图书 在豆瓣中查询图书


正题名:唐宋律诗选讲     索取号:I207.22/69         预约/预借

序号 登录号 条形码 馆藏地/架位号 状态 备注
1 0061838   001924234   密集书库/ [索取号:I207.22/69] 在馆    
2 0061839   000728261   第二借阅区/ [索取号:I207.22/69] 在馆    
3 0061840   001754462   密集书库/ [索取号:I207.22/69] 在馆    
4 0085076   000728207   第二借阅区/ [索取号:I207.22/69] 在馆    
5 0085077   000728252   第二借阅区/ [索取号:I207.22/69] 在馆    
6 0085078   000728216   第二借阅区/ [索取号:I207.22/69] 在馆    
7 0085079   000728243   第二借阅区/ [索取号:I207.22/69] 在馆    
8 0085080   000728190   第一样本阅览室/ [索取号:I207.22/69] 在馆    
9 0471445   204714452   密集书库/ [索取号:I207.22/69] 在馆    
唐山师范学院图书馆 欢迎您!
大连网信软件有限公司© 版权所有